[Event "BRA-ch 90th"]
[Site "Natal"]
[Date "2024.12.15"]
[Round "5"]
[White "Veras, Lucas Da Costa"]
[Black "Cavalcante, Amanda Melo Moreira"]
[Result "1-0"]
[WhiteElo "1725"]
[BlackElo "1657"]
[PlyCount "79"]
[EventDate "2024.12.13"]
[EventType "swiss"]
[EventRounds "11"]
[EventCountry "BRA"]
[SourceTitle "CB52_2024"]
[SourceDate "2024.12.25"]
[SourceVersion "1"]
[SourceVersionDate "2024.12.25"]
[SourceQuality "1"]

1. e4 e5 2. Nf3 Nc6 3. Bb5 Nf6 4. Nc3 Bd6 5. Bxc6 bxc6 6. 0-0 0-0 7. Ng5 Ba6 8. Re1 Bc5 9. g4 Bc4 10. Nh3 Re8 11. g5 Nxe4 12. Nxe4 d5 13. g6 dxe4 14. gxh7+ Kxh7 15. Ng5+ Qxg5+ 16. Kh1 Bxf2 17. Rf1 Bxf1 18. Qxf1 e3 19. dxe3 Bxe3 20. Bxe3 Qxe3 21. Re1 Qf4 22. Qxf4 exf4 23. Rf1 Re2 24. Rxf4 Rd8 25. Rh4+ Kg6 26. Rg4+ Kh5 27. Rxg7 Rd1+ 28. Rg1 Rxg1+ 29. Kxg1 f5 30. Kf1 Rxc2 31. b4 f4 32. h3 Rc1+ 33. Ke2 Kg5 34. Kd2 Rh1 35. a4 Rxh3 36. Ke2 Kg4 37. Kf2 f3 38. Ke3 Kg3 39. Kd4 f2 40. Kc5 1-0